Year book 1972-73 : Complete reference on shipbuilding and related industries in Japan
محفوظ في:
| المؤلف الرئيسي: | |
|---|---|
| التنسيق: | كتاب |
| اللغة: | Undetermined |
| منشور في: |
Tokyo
Tokyo News Service
1973
|
| الموضوعات: | |
| الوسوم: |
إضافة وسم
لا توجد وسوم, كن أول من يضع وسما على هذه التسجيلة!
|
| Thư viện lưu trữ: | Trung tâm Học liệu Trường Đại học Cần Thơ |
|---|
| LEADER | 00542nam a2200205Ia 4500 | ||
|---|---|---|---|
| 001 | CTU_96498 | ||
| 008 | 210402s9999 xx 000 0 und d | ||
| 082 | |a 338.476 | ||
| 082 | |b Z88 | ||
| 100 | |a Zosen | ||
| 245 | 0 | |a Year book 1972-73 : | |
| 245 | 0 | |b Complete reference on shipbuilding and related industries in Japan | |
| 245 | 0 | |c Zosen | |
| 260 | |a Tokyo | ||
| 260 | |b Tokyo News Service | ||
| 260 | |c 1973 | ||
| 650 | |a Shipbuilding | ||
| 650 | |z Japan | ||
| 904 | |i Giang | ||
| 980 | |a Trung tâm Học liệu Trường Đại học Cần Thơ | ||